| 000 | 00344nam a22001337a 4500 | ||
|---|---|---|---|
| 999 |
_c2460 _d2460 |
||
| 008 | 200304b ||||| |||| 00| 0 eng d | ||
| 082 | 0 | 0 |
_a813 _bR1167 |
| 100 |
_92030 _aRabl, S. S. |
||
| 245 | 1 | 0 |
_aMobtown clipper _cby S. S. Rabl |
| 260 |
_aCambridge _bCornell maritime _c1949 |
||
| 300 | _aviii,277 p. | ||
| 650 | 0 | _aAmerican Fiction | |
| 942 | _cBK | ||